[Event "10th Mumbai Mayors Cup 2017"]
[Site "Mumbai"]
[Date "2017.06.10"]
[Round "9"]
[White "Rahman, Ziaur"]
[Black "Sai Krishna G V"]
[Result "1-0"]
[WhiteElo "2526"]
[BlackElo "2339"]
[Annotator "TA"]
[PlyCount "83"]
[EventDate "2017.06.04"]
[EventType "swiss"]
[EventCountry "IND"]
[SourceTitle "playchess.com"]
[Source "ChessBase"]
[SourceQuality "1"]

{[%evp 12,83,0,-6,0,-16,17,8,14,4,34,-6,0,0,0,-14,26,0,0,0,0,0,0,0,29,6,29,5,39,0,0,0,0,11,43,-4,-2,-3,0,0,0,0,191,96,92,99,742,793,793,793,793,793,786,786,771,766,770,768,736,735,880,824,1737,1728,1836,1637,1299,1169,1104,965,5414,5414,5693,5277]} 1. d4 Nf6 2. Bg5 c5 3. Nc3 d5 4. Bxf6 gxf6 5. e3 Nc6 6. Qh5 e6 {D01: Veresov Opening} 7. Nf3 {LiveBook: 12 Games} (7. dxc5 Bxc5 8. Bd3 f5 9. Nge2 Qf6 10. O-O-O Bd7 11. Nf4 O-O-O 12. Kb1 d4 13. exd4 Bxd4 14. Nb5 Bxb2 15. Qxf7 {½-½ (55) Vitiugov,N (2725)-Bacrot,E (2697) Berlin 2015}) 7... Bd7 (7... Qb6 $5 {[%cal Rb6b2]} 8. Bb5 cxd4 9. exd4 a6 10. Bxc6+ bxc6 $11) 8. Bb5 a6 {The position is equal.} 9. Bxc6 $1 Bxc6 10. O-O Qc7 $146 ({Predecessor:} 10... cxd4 11. exd4 Bb4 12. Rfe1 Qe7 13. Nh4 O-O-O 14. Nf5 {0-1 (49) Hector,J (2488)-Cornette,M (2548) Germany 2015}) 11. a4 Rg8 12. dxc5 Bxc5 13. Nd4 {Threatens to win with Nxe6.} O-O-O {[%cal Ba8d8,Bd8d4,Bd4g4][%mdl 32]} 14. Nxc6 Qxc6 15. g3 d4 16. exd4 Rxd4 17. Rad1 Rdg4 {( -> ...Rxg3+!)} 18. Rd3 R8g7 19. Rfd1 f5 {[%cal Bf6f5,Bf5f4][%mdl 32]} (19... Rf4 $5 {[%cal Rc5f2]} 20. R1d2 Kb8 $11) 20. b3 (20. Qh6 $5 {[%cal Rh6f6]} Kb8 21. Qf6 $11) 20... Kb8 21. Ne2 Qe4 22. R1d2 Bb6 (22... e5 $5 {[%cal Rf5f4]}) 23. Qh3 (23. Nd4 $5) 23... f4 24. Qg2 Qf5 25. Kf1 e5 26. Qd5 {Nxf4! is the strong threat.} Bxf2 $2 (26... fxg3 $11 {and Black has nothing to worry.} 27. Nxg3 Qg5) 27. Qd8+ (27. h3 $18 Rxg3 28. Kxf2 Rxd3 29. Qxd3 (29. Rxd3 Rg6 $18) 29... Qxd3 30. cxd3 (30. Rxd3 Kc7 $16)) 27... Ka7 $16 {[%cal Rf4g3]} 28. Rd7 $1 {[%cal Rd7b7]} Bd4 $2 {[%mdl 8192] [#]} (28... fxg3 $16 29. Rxb7+ Kxb7 30. Rd7+ Qxd7 $1 {[%mdl 512]} 31. Qxd7+ Kb8) 29. Rxb7+ $1 $18 {[%mdl 512] White is clearly winning.} Kxb7 30. Qd5+ Kc7 31. Nxd4 Qf6 32. Qc5+ Kb7 33. Nf3 {White wants to mate with Rd7+.} Qe6 34. Rd6 Qxd6 35. Qxd6 fxg3 36. Qd5+ Kb6 37. a5+ Ka7 38. Qc5+ Kb8 39. Qxe5+ Kc8 40. Qf5+ Kd8 41. Ne5 {[%csl Ge5][%cal Rf5d7]} f6 42. Nxg4 {Precision: White = 63%, Black = 29%.} 1-0

[Event "10th Mumbai Mayors Cup 2017"]
[Site "Mumbai"]
[Date "2017.06.10"]
[Round "9"]
[White "Mollah Abdullah, Al Rakib"]
[Black "Balaji Sekar"]
[Result "1-0"]
[WhiteElo "2484"]
[BlackElo "1189"]
[Annotator "TA"]
[PlyCount "29"]
[EventDate "2017.06.04"]
[EventType "swiss"]
[EventCountry "IND"]
[SourceTitle "playchess.com"]
[Source "ChessBase"]
[SourceQuality "1"]

{[%evp 13,29,22,19,18,18,6,7,8,17,25,35,3,5,9,0,7,409,404]} 1. d4 Nf6 2. c4 e6 3. Nf3 d5 4. Nc3 Bb4 5. Qb3 c5 6. dxc5 Nc6 {D38: Queen's Gambit Declined: Ragozin Defence (4 Nf3 Bb4)} 7. Bg5 Qa5 {[#] LiveBook: 26 Games. aiming for ...d4.} 8. Bxf6 dxc4 {The position is equal.} 9. Qxc4 gxf6 10. Rc1 Qxc5 11. Qf4 Ke7 12. g3 Bxc3+ $146 ({Predecessor:} 12... e5 13. Qh6 Bxc3+ 14. bxc3 {1-0 (42) Wang,H (2680)-Vidit,S (2687) Chengdu 2017}) 13. bxc3 b6 14. Bg2 {Nd4 is the strong threat.} Bb7 $2 {[%mdl 8192] [#]} (14... Na5 $11) 15. Qc7+ 1-0

[Event "10th Mumbai Mayors Cup 2017"]
[Site "Mumbai"]
[Date "2017.06.10"]
[Round "9"]
[White "Hossain, Enamul"]
[Black "Deviatkin, Andrei"]
[Result "0-1"]
[WhiteElo "2464"]
[BlackElo "2481"]
[Annotator "TA"]
[PlyCount "158"]
[EventDate "2017.06.04"]
[EventType "swiss"]
[EventCountry "IND"]
[SourceTitle "playchess.com"]
[Source "ChessBase"]
[SourceQuality "1"]

{[%evp 16,158,6,0,3,0,22,0,0,-15,0,-6,0,0,0,-9,0,-17,0,0,-7,-14,-6,-7,-9,0,-8,-9,-11,-31,-16,-53,-33,-55,-53,-58,-61,-83,-71,-79,-91,-95,-39,-106,-93,-95,-122,-149,-111,-126,-95,-122,-132,-125,-43,-83,187,180,206,197,186,122,122,0,0,0,0,0,0,0,0,0,0,0,0,-44,0,0,0,0,0,-46,-44,-76,-90,-84,-53,-77,-54,-61,-37,-64,-25,-64,-57,-57,-57,-62,-47,-101,-6,-72,-62,-90,-45,-45,-60,-62,-45,-132,-102,-147,-159,-622,-686,-382,-597,-358,-330,-278,-254,-1041,-1010,-808,-647,-506,-525,-800,-755,-12837,-12836,-6398,-12257,-1614,-1123,-12837,-12835,-12841,-12841,-12845,-12845,-12847,-12847,-12847,-12847]} 1. e4 c6 2. d4 d5 3. Nc3 dxe4 4. Nxe4 Nd7 5. Nf3 Ngf6 6. Ng3 e6 7. Bd3 c5 8. O-O Be7 9. c4 O-O {B17: Caro-Kann: Modern Line (4...Nd7)} 10. b3 b6 11. Bb2 (11. d5 $5) 11... Bb7 {The position is equal.} 12. Bc2 Re8 13. Qe2 Qc7 14. Rad1 Rad8 15. Rfe1 cxd4 $146 ({Predecessor:} 15... a6 16. Ne5 cxd4 17. Bxd4 Bb4 {1-0 (33) Felgaer,R (2552)-Labollita,M (2420) Dos Hermanas 2003}) 16. Nxd4 Nf8 17. Ne4 a6 18. Nf3 Nxe4 19. Bxe4 Bb4 20. Rf1 f6 21. h4 e5 22. a3 Be7 23. g3 Ne6 {[%cal Bf8e6,Be6c5,Bc5a4][%mdl 32]} 24. Bd5 Bxd5 25. cxd5 Nc5 26. b4 Na4 27. h5 b5 28. Ba1 Qc4 (28... Nb6 $17 29. Nh4 Nxd5) 29. Qe3 (29. Qxc4 $1 $15 bxc4 30. Nd2) 29... Rxd5 $17 30. Rxd5 Qxd5 31. Nh4 Qe6 32. Qe4 Bf8 33. Nf5 Nb6 34. Rd1 Qc4 (34... Nc4 $17 35. Rd3 Rc8) 35. Qf3 Kh8 $2 {[%mdl 8192] [#]} (35... Qc7 $1 $17 {stays on course.}) 36. h6 $1 $18 {[%cal Rh6g7][%mdl 512]} gxh6 37. Nd6 Bxd6 38. Qxf6+ (38. Rxd6 $18 Qc1+ 39. Rd1) 38... Kg8 $16 39. Qxd6 (39. Rxd6 $16 Qc1+ 40. Kg2 Qxa1 41. Rxb6) 39... Qe6 $11 40. Qc7 Nc4 41. a4 h5 42. axb5 axb5 43. Qb7 h4 44. Rd7 Nd6 (44... Qg6 $5 {[%cal Rh4g3]} 45. Qd5+ Kh8 $11) 45. Qc7 (45. Qc6 $5 {[%cal Rd7d6]} Nf7 46. Qxe6 (46. Qxb5 hxg3 47. fxg3 Qb3 $11) 46... Rxe6 47. Rd5 $11 (47. gxh4 Rc6 $11)) 45... hxg3 46. Rg7+ Kf8 47. Rxg3 {[%csl Gg3][%cal Rc7g7]} Nf7 48. Bc3 Rc8 $36 {[%mdl 2048] Black is pushing.} 49. Qa7 Qd5 50. Qe3 Rc6 51. Rf3 Rg6+ 52. Kh2 Kg8 (52... Ke8 {seems wilder.} 53. Qd3 Qc6 54. Qf5 Rh6+ 55. Kg1 Qg6+) 53. Rg3 Rxg3 54. Qxg3+ Kf8 55. Qh3 Qc4 56. Bd2 Qe4 57. Be3 (57. Bc1 $15) 57... Kg7 ({Black should try} 57... Qxb4 $17 {Threatens to win with ...Qc4.} 58. Qxh7 Qc4 59. Bh6+ Nxh6 60. Qxh6+ Ke7 61. Qg5+ Kd7 62. Qf5+ Kd6 63. Qf8+ Kd5 64. Qd8+ Ke4 65. Qh4+ Kd3 66. Qg3+ Kc2 67. Qxe5 b4 68. Qf5+ Kc1 69. Qg5+ Kb1 70. Qf5+ Qc2) 58. Qg3+ (58. Bc5 $11) 58... Kf6 $17 59. Qg8 Qxb4 {aiming for ...Qh4+.} 60. Qxh7 Qg4 61. Qc2 Qc4 62. Qd1 (62. Qxc4 $1 $15 bxc4 63. Kg3) 62... b4 63. Qf3+ Ke6 {...b3 is the strong threat.} 64. Qb7 $2 {[#]} (64. Bd2 $17) 64... b3 $1 $19 65. Qb6+ {[#]} Kf5 $1 66. Qb7 Kf6 67. Qf3+ Ke6 {Strongly threatening ...b2.} 68. Qb7 $2 (68. Qh3+ Ke7 69. Qg2) 68... Nd6 {Black is clearly winning.} 69. Qb8 Qc3 70. Qg8+ Kd7 71. Qh7+ Kc6 72. Qg8 b2 73. Qa8+ Kd7 74. Qa7+ Ke6 75. Qa2+ Kf6 76. Qd5 Qb4 77. f4 b1=Q 78. fxe5+ Ke7 {( -> ...Qh4+)} 79. Bg5+ Kd7 {Precision: White = 40%, Black = 61%.} 0-1

[Event "10th Mumbai Mayors Cup 2017"]
[Site "Mumbai"]
[Date "2017.06.10"]
[Round "9"]
[White "Neelotpal, Das"]
[Black "Deepan Chakkravarthy J"]
[Result "1-0"]
[WhiteElo "2438"]
[BlackElo "2480"]
[Annotator "TA"]
[PlyCount "59"]
[EventDate "2017.06.04"]
[EventType "swiss"]
[EventCountry "IND"]
[SourceTitle "playchess.com"]
[Source "ChessBase"]
[SourceQuality "1"]

{[%evp 9,59,12,42,47,52,34,75,78,68,56,79,71,77,47,73,62,71,65,128,91,127,119,120,129,133,125,150,138,141,91,93,102,139,139,226,227,304,308,539,503,530,455,967,960,1006,956,938,905,914,875,728,697]} 1. d4 Nf6 2. Nf3 g6 3. g3 Bg7 4. Bg2 c5 5. d5 (5. c4 cxd4 6. Nxd4 O-O 7. Nc3 Nc6 8. O-O Qa5 9. e3 d6 10. Bd2 Qc5 11. Nxc6 bxc6 12. b3 d5 13. cxd5 cxd5 14. Rc1 Qd6 15. e4 Bg4 16. Qe1 dxe4 17. Nxe4 Nxe4 {1-0 (57) Vachier Lagrave,M (2811)-Ragger,M (2694) Novi Sad 2016}) 5... e6 6. Nc3 {A49: 1 d4 Nf6 2 Nf3 g6 3 g3: Anti-King's Indian systems} d6 7. O-O {Threatens to win with dxe6.} (7. Bf4 $5 {[%cal Rd5e6]}) 7... e5 8. Nd2 {White is better.} O-O 9. Nc4 Na6 10. e4 $146 ({Predecessor:} 10. a4 Nc7 11. e4 Qe7 12. f4 {1-0 (20) Gruenenwald,E (2090)-Watson,J (2420) Hastings 1987}) 10... Nc7 11. f4 exf4 12. Bxf4 Nfe8 13. Qd2 f6 ({Better is} 13... b6 $14) 14. Bh6 Bd7 15. Bxg7 Kxg7 16. a4 {[%cal Ba2a4,Ba4a5][%mdl 32]} Rb8 17. Rf2 a6 18. a5 Bb5 19. Nxb5 axb5 20. Ne3 Qd7 21. Raf1 Rd8 (21... Qe7 $16 22. c3 (22. Ng4 Kh8 $16) 22... Ra8) 22. g4 $18 h6 23. h4 {[%cal Bh2h4,Bh4g5,Bg5f6][%mdl 32]} Rh8 $2 {[#]} (23... b4 24. h5 g5) 24. g5 $1 {[%mdl 512] White is clearly winning.} hxg5 (24... fxg5 25. Qc3+) 25. hxg5 b4 (25... Kf8 $142 26. gxf6 Qh7) 26. gxf6+ Kf7 {[#]} 27. e5 $1 {[%mdl 512]} dxe5 28. Nc4 Rh5 29. Qe2 Nd6 {[#]} 30. Qxh5 $1 {[%mdl 512] Precision: White = 82%, Black = 31%.} 1-0

[Event "10th Mumbai Mayors Cup 2017"]
[Site "Mumbai"]
[Date "2017.06.10"]
[Round "9"]
[White "Nitin, S.."]
[Black "Ajay Karthikeyan"]
[Result "1-0"]
[WhiteElo "2427"]
[BlackElo "2023"]
[Annotator "TA"]
[PlyCount "97"]
[EventDate "2017.06.04"]
[EventType "swiss"]
[EventCountry "IND"]
[SourceTitle "playchess.com"]
[Source "ChessBase"]
[SourceQuality "1"]

{[%evp 9,97,35,65,41,44,29,49,51,63,48,122,52,47,34,31,32,48,-2,16,-75,-61,-50,-59,-96,-81,-83,-85,-89,-126,-114,-131,-219,-221,-214,-195,-351,-360,-473,-456,-612,-591,-556,-236,-229,66,17,7,-75,141,160,140,155,210,210,200,181,280,183,321,310,338,322,412,314,291,295,254,254,222,126,662,655,1296,1305,1515,1679,1345,1178,1162,1147,881,833,29992,29987,29993,29994,29994,29995,29995,29996]} 1. e4 d6 2. d4 Nf6 3. Nc3 g6 4. h4 c6 (4... Bg7 5. Be2 Nbd7 6. h5 e5 7. h6 Bf8 8. Nf3 c6 9. Bc4 Be7 10. a4 Qc7 11. Qe2 O-O 12. Bg5 Qb6 13. dxe5 Qxb2 {1-0 (21) Andreikin,D (2720)-Vavulin,M (2441) Moscow 2015}) 5. Be2 b5 {LiveBook: 3 Games} 6. Bf3 {B07: Pirc Defence: Miscellaneous Systems} b4 7. Nce2 Bg7 $146 ({Predecessor:} 7... e5 8. h5 Be6 9. hxg6 fxg6 10. dxe5 dxe5 11. Qxd8+ Kxd8 12. Bg5 Be7 {1-0 (49) Hausner,I (2416)-Rakous,P (2025) Prague 2006}) 8. h5 {White is slightly better.} O-O 9. Bd2 Bb7 (9... Na6 $14) 10. Qc1 ({Much less strong is} 10. Bxb4 Nbd7 $14) (10. hxg6 $1 $16 fxg6 11. Nf4 (11. Bxb4 Nbd7 $14)) 10... Nbd7 $14 11. Bh6 e5 $1 12. Bxg7 Kxg7 13. g4 {Black must now prevent hxg6.} Qe7 14. hxg6 (14. g5 $11 {remains equal.} Ne8 15. dxe5) 14... fxg6 $17 15. Qh6+ Kg8 16. O-O-O d5 17. exd5 cxd5 18. Ng3 exd4 19. Rxd4 Ne5 {[%cal Bd7e5,Be5c6,Bc6d4][%mdl 32]} 20. Qh4 (20. Kb1 $17) 20... Rac8 $19 21. Bd1 Qc7 $1 22. f3 $2 (22. Kb1 {was called for.}) 22... Nc6 $1 {[%cal Rc6d4]} 23. Rd3 Ba6 24. Re3 Nd4 25. Qh2 {[#] White hopes to continue with Kb1.} b3 (25... Nxc2 $142 $1 {[%mdl 512]} 26. Bxc2 d4) 26. axb3 {[#]} Rf7 $2 (26... Nxc2 $1 $19 {[%mdl 512]} 27. Rc3 (27. Bxc2 $2 d4 $19) 27... Qf4+ 28. Kxc2 d4) 27. g5 Nd7 {...Qf4 is the strong threat.} 28. N3e2 {[#]} (28. Kb1 $11 {keeps the balance.}) 28... Qb6 $2 {[#]} (28... Qxh2 $1 $17 {and life is bright.} 29. Rxh2 Bxe2 30. Nxe2 Nxf3) 29. Nxd4 $1 $16 Qxd4 30. Qd2 Qc5 (30... Qxd2+ $16 31. Kxd2 d4) 31. Ne2 $18 Bxe2 32. Bxe2 Nb6 (32... Qd6 {is a better defense.} 33. Qd4 Rd8) 33. Bd3 d4 (33... Qd4 $142 34. Re6 Nd7) 34. Re4 Rxf3 35. Kb1 Rf7 36. Rhe1 Rcf8 37. Re5 Qd6 38. Qa5 Kg7 39. Qb5 ({White should play} 39. Re6 $18 Qd5 40. Qb4) 39... Rf2 $2 {[%mdl 8192]} (39... Rc8 $16 40. Qa5 Rcc7) 40. Re6 Qb8 41. Qc5 R2f4 42. Re7+ R8f7 43. Rxf7+ Rxf7 44. Qxd4+ Kg8 45. Bb5 Qg3 46. Re8+ {White mates.} Rf8 47. Bc4+ Nxc4 48. Qxc4+ Kg7 49. Re7+ {Precision: White = 46%, Black = 45%.} 1-0

[Event "10th Mumbai Mayors Cup 2017"]
[Site "Mumbai"]
[Date "2017.06.10"]
[Round "9"]
[White "Khusenkhojaev, Muhammad"]
[Black "Saurabh Anand"]
[Result "1/2-1/2"]
[WhiteElo "2424"]
[BlackElo "2266"]
[Annotator "TA"]
[PlyCount "78"]
[EventDate "2017.06.04"]
[EventType "swiss"]
[EventCountry "IND"]
[SourceTitle "playchess.com"]
[Source "ChessBase"]
[SourceQuality "1"]

{[%evp 26,78,29,29,18,4,104,114,113,115,112,110,113,104,108,110,109,91,104,108,118,115,126,89,106,103,104,103,235,233,262,266,260,70,56,66,57,73,56,0,40,29,191,190,437,0,0,0,0,0,0,0,0,0,0]} 1. Nf3 d5 2. d4 Nf6 3. c4 e6 4. Nc3 Be7 5. Bg5 h6 6. Bh4 O-O 7. e3 Ne4 8. Bxe7 Qxe7 9. Rc1 Nxc3 10. Rxc3 c6 11. Be2 Nd7 12. O-O dxc4 13. Bxc4 e5 14. Bb3 Rd8 {D56: Queen's Gambit Declined: Lasker Defence} (14... Re8 15. Re1 e4 16. Nd2 Nf6 17. Rc5 Be6 18. Re5 Bxb3 19. Qxb3 Qc7 20. Rf5 Nd5 21. Rc1 Qb6 22. Re5 Qxb3 23. axb3 Rxe5 24. dxe5 {½-½ (60) Grischuk,A (2736)-Anand,V (2788) Moscow 2009}) 15. Qc2 e4 $146 (15... exd4 $11 16. Nxd4 (16. exd4 Nf8 $11) 16... Nf6) ({Predecessor:} 15... exd4 16. exd4 Nf8 17. d5 cxd5 18. Bxd5 Be6 19. Rc7 Rd7 20. Rxd7 Qxd7 21. Bxe6 Nxe6 22. Rd1 {½-½ (53) Ordaz Valdes,L (2350)-Maisuradze,N (2315) Mexico City 2012}) 16. Nd2 $16 Nf6 {White is better.} 17. Rc5 $1 Be6 18. Nxe4 Nd7 19. Rc3 Bf5 20. f3 Rf8 21. Qb1 Rae8 22. Bc2 Nb6 23. Re1 Nd5 24. Rb3 a5 25. Nc3 Bxc2 26. Qxc2 Nxe3 (26... Nb4 $16 27. Qf5 Rd8) 27. Qf2 $1 $18 f5 28. f4 $1 Rf6 {[#]} 29. Nd1 $2 (29. d5 $1 $18 {[%mdl 512]}) 29... Nxd1 $14 30. Rxe7 Rxe7 31. Qd2 Rfe6 {( -> ...Re1+)} 32. h3 (32. Rf3 $1 $14) 32... a4 33. Rf3 Re2 $2 {[#]} (33... Ne3 $11) 34. Qa5 $1 $18 ({Inferior is} 34. Qxd1 Re1+ 35. Qxe1 Rxe1+ 36. Kf2 Rb1 $17) 34... Rxb2 $2 {[#]} (34... Ne3) 35. Qxa4 $2 ({White has to play} 35. Qd8+ $1 $18 Kf7 36. d5 Re1+ 37. Kh2) 35... Re1+ $11 {The position is equal.} 36. Rf1 Ree2 37. Rxd1 {Strongly threatening Qc4+.} Rxg2+ 38. Kh1 {And now Qc4+ would win.} Rh2+ 39. Kg1 {Qc4+ is the strong threat.} Rhg2+ {Precision: White = 58%, Black = 53%.} 1/2-1/2

[Event "10th Mumbai Mayors Cup 2017"]
[Site "Mumbai"]
[Date "2017.06.10"]
[Round "9"]
[White "Murshed, Niaz"]
[Black "Nitish Belurkar"]
[Result "1/2-1/2"]
[WhiteElo "2423"]
[BlackElo "2279"]
[Annotator "TA"]
[PlyCount "93"]
[EventDate "2017.06.04"]
[EventType "swiss"]
[EventCountry "IND"]
[SourceTitle "playchess.com"]
[Source "ChessBase"]
[SourceQuality "1"]

{[%evp 15,93,-25,28,30,26,9,7,9,8,8,16,4,60,52,104,19,25,-33,43,31,29,11,10,8,17,8,13,9,10,8,14,14,27,13,27,13,35,15,32,21,36,41,35,33,33,27,34,30,23,10,25,0,8,25,49,27,27,8,0,6,16,0,0,0,0,0,0,-53,-50,-49,-49,-85,-81,-256,0,-240,0,0,0,0]} 1. Nf3 Nf6 2. c4 c6 3. Nc3 d5 4. e3 a6 5. d4 b5 6. c5 {D15: Slav Defence: 4 Nc3 a6 and gambit lines after 4 Nc3 dxc4} (6. b3 Bg4 7. a4 bxc4 8. bxc4 Nbd7 9. a5 e5 10. Be2 Bxf3 11. Bxf3 Bb4 12. Bd2 O-O 13. O-O dxc4 14. Qe2 exd4 15. exd4 Bxa5 16. Qxc4 {1-0 (44) Ding,L (2759)-Svidler,P (2741) Shenzhen 2017}) 6... g6 7. Bd3 Bg4 8. b4 Bg7 {LiveBook: 4 Games} (8... a5 $142) 9. a4 $11 {[%cal Ra4b5]} Nbd7 10. Be2 $146 (10. h3 $5 {[%cal Rh3g4]} Bxf3 11. Qxf3 $11) ({Predecessor:} 10. Ne2 O-O 11. Bb2 Qc7 12. Ra3 Bxf3 13. gxf3 e5 {1-0 (42) Czakon,J (2482)-Huerga Leache,M (2344) San Sebastian 2007}) 10... Bxf3 11. Bxf3 e5 12. O-O O-O 13. Bb2 e4 (13... Re8 $11) 14. Be2 $14 Ne8 (14... Qc7 $14) 15. Qb3 (15. axb5 $16 axb5 16. Qb3) 15... Nc7 $11 16. f3 ({White should try} 16. h3 $11) 16... Nf6 (16... exf3 $15 17. Rxf3 f5) 17. f4 $1 $14 Nd7 18. axb5 axb5 19. Rxa8 Qxa8 20. Ra1 Qb7 21. Ra5 Ra8 22. Qa3 Rxa5 23. bxa5 Nb8 24. Na2 Nba6 25. Bc3 Qb8 26. Qb3 Qc8 27. Qd1 f5 28. g4 Qe6 29. Be1 Kf8 30. Nc1 {[%cal Ba2c1,Bc1b3,Bb3d2,Bd2f1][%mdl 32]} Ne8 {[%cal Bc7e8,Be8g7,Bg7f5][%mdl 32]} 31. h3 Bf6 32. Nb3 (32. g5 $5 {[%cal Rg5f6]} Bg7 33. h4 $14) 32... Ng7 33. Nd2 (33. g5 $5 {[%cal Rg5f6]} Bd8 34. h4 $14) 33... fxg4 34. hxg4 h5 35. Nf1 {[%cal Rg4h5]} hxg4 36. Bxg4 Nf5 37. Qe2 Qg8 38. Ng3 Bh4 39. Kg2 Bxg3 $1 40. Bxg3 Qh7 41. Bf2 ({Better is} 41. Be1 $11) 41... Ke8 42. Bh3 Kd8 43. Qg4 Kc7 44. Qg5 $2 {[#]} (44. Qd1 $17) 44... Nb8 $2 (44... b4 $1 $19 {Strongly threatening ...b3.} 45. Bxf5 gxf5) 45. Qf6 $2 {[#]} (45. Bg4 $11 {and White is okay.}) 45... Qh5 $2 ({Stronger than} 45... Nd7 46. Qg5 $11) (45... b4 $1 $19 {[%cal Rb4b3]} 46. Bxf5 gxf5) 46. Bxf5 $11 Qxf5 47. Qe7+ {Precision: White = 32%, Black = 45%.} 1/2-1/2

[Event "10th Mumbai Mayors Cup 2017"]
[Site "Mumbai"]
[Date "2017.06.10"]
[Round "9"]
[White "Krishna Teja, N."]
[Black "Gokhale, Anupama"]
[Result "1/2-1/2"]
[WhiteElo "2406"]
[BlackElo "2047"]
[Annotator "NA"]
[PlyCount "123"]
[EventDate "2017.06.04"]
[EventType "swiss"]
[EventCountry "IND"]
[SourceTitle "playchess.com"]
[Source "ChessBase"]
[SourceQuality "1"]
[TimeControl "5400+30"]

1. d4 d5 2. c4 e6 3. Nc3 c5 4. cxd5 exd5 5. Nf3 Nc6 6. g3 Nf6 7. Bg2 Be7 8. O-O O-O 9. dxc5 Bxc5 10. Bg5 d4 11. Bxf6 Qxf6 12. Ne4 Qe7 13. Nxc5 Qxc5 14. Rc1 Qb5 15. Nxd4 Nxd4 16. Qxd4 Be6 17. b3 Qxe2 18. Bxb7 Rad8 19. Qxa7 Rd7 20. Qa6 Qxa6 21. Bxa6 Ra7 22. Rc6 Rfa8 23. Rd1 Bg4 24. Rdd6 Kf8 25. Kg2 Be6 26. Kf3 Ke7 27. Ke3 Bd7 28. Rb6 Rc7 29. a4 Be6 30. b4 Bc4 31. b5 Bb3 32. a5 Rc1 33. Rd3 Re1+ 34. Kf4 Be6 35. h4 Ra1 36. Rb7+ Kf6 37. Rd4 h6 38. Rc7 Ra3 39. h5 Rg8 40. Bb7 g5+ 41. hxg6 Rxg6 42. f3 Rg5 43. g4 h5 44. gxh5 Rxh5 45. Rd2 Rxb5 46. a6 Rb4+ 47. Kg3 Rb6 48. Bd5 Raxa6 49. Bxe6 fxe6 50. Rdd7 Rd6 51. Rh7 Ke5 52. Rh5+ Kd4 53. Rh1 Ra3 54. Rcc1 Rd5 55. Rcd1+ Kc5 56. Rc1+ Kd6 57. Rhd1 Rxd1 58. Rxd1+ Ke5 59. Kg4 Ra8 60. f4+ Kf6 61. Rd6 Rg8+ 62. Kf3 1/2-1/2

[Event "10th Mumbai Mayors Cup 2017"]
[Site "Mumbai"]
[Date "2017.06.10"]
[Round "9"]
[White "Iniyan, P."]
[Black "Dixit, Nikhil"]
[Result "1-0"]
[WhiteElo "2392"]
[BlackElo "2101"]
[Annotator "NA"]
[PlyCount "84"]
[EventDate "2017.06.04"]
[EventType "swiss"]
[EventCountry "IND"]
[SourceTitle "playchess.com"]
[Source "ChessBase"]
[SourceQuality "1"]
[TimeControl "5400+30"]

1. d4 Nf6 2. c4 g6 3. Nc3 Bg7 4. e4 d6 5. Nf3 O-O 6. Be2 Bg4 7. Ng1 Bc8 8. Nf3 Bg4 9. Be3 Nfd7 10. Rc1 e5 11. d5 a5 12. O-O Na6 13. a3 Ndc5 14. b3 f5 15. h3 Bh5 16. Rb1 f4 17. Bd2 g5 18. b4 axb4 19. axb4 Nd7 20. g4 Bg6 21. Ne1 Nf6 22. f3 h5 23. Nd3 hxg4 24. hxg4 Kf7 25. Qb3 Rh8 26. Kg2 Rh4 27. Be1 Rh6 28. Bf2 Qh8 29. Rh1 Rxh1 {Qe8} 30. c5 Nb8 31. Nb2 Bf8 32. Nb5 {Qd7 Qc4} Ne8 33. c6 {Qc8 Na7} Ra7 34. Bxa7 b6 35. Nd1 Nf6 {Nc3 Be7 Nd1 Ne8} 36. Nf2 {Nf6 Qa2 Bf8 Ra1} Be7 37. Rxh1 Bd8 {Bb5 Be7} 38. Qa3 {Bd8 Bd3} Be7 {Be2 Bd8} 39. Bxb8 Qxb8 40. Qa6 {Be7} Qb7 {Qd8} 41. Ra1 Bf8 {Ra7 Ne8} 42. Qxb6 {Qf6 Rxc7 Nxc7 Qxc7} Be7 {Qd7} 1-0

[Event "10th Mumbai Mayors Cup 2017"]
[Site "Mumbai"]
[Date "2017.06.10"]
[Round "9"]
[White "Rathnakaran, K."]
[Black "Datta Ramakrishna J"]
[Result "1-0"]
[WhiteElo "2378"]
[BlackElo "1364"]
[Annotator "NA"]
[PlyCount "93"]
[EventDate "2017.06.04"]
[EventType "swiss"]
[EventCountry "IND"]
[SourceTitle "playchess.com"]
[Source "ChessBase"]
[SourceQuality "1"]
[TimeControl "5400+30"]

1. e4 c5 2. Nf3 d6 3. d4 cxd4 4. Nxd4 Nf6 5. Nc3 g6 6. Be3 Bg7 7. f3 Nc6 8. Qd2 O-O 9. O-O-O d5 10. Kb1 Nxd4 11. e5 Nxf3 12. gxf3 Nh5 13. f4 Bg4 14. Be2 Bxe2 15. Qxe2 e6 16. Rhg1 f5 17. Nb5 Kh8 18. c4 a6 19. Nd6 Qh4 20. cxd5 exd5 21. Qf3 Qxh2 22. Rg5 Rac8 23. Nxc8 Rxc8 24. Rg2 Qh4 25. Rxd5 Bh6 26. Rd1 Bxf4 27. Qxb7 Re8 28. Rd7 Nf6 29. exf6 Bxe3 30. Rxh7+ Qxh7 31. Rh2 Bh6 32. Qh1 Kg8 33. Rxh6 Re1+ 34. Qxe1 Qxh6 35. Qe8+ Kh7 36. f7 Qh1+ 37. Kc2 Qg2+ 38. Kc3 Qg3+ 39. Kb4 Qd6+ 40. Ka4 Qd4+ 41. b4 Qd1+ 42. Ka5 Qd5+ 43. b5 Qd2+ 44. Kb6 Qd6+ 45. Kb7 Qd5+ 46. Ka7 axb5 47. Qg8+ 1-0